Every Governor of Kentucky - Statistics

General Stats
  • This quiz has been taken 44 times
  • The average score is 12 of 63
Answer Stats
Picture Hint Answer % Correct
D(2019-) Andy Beshear
100%
D(2007-2015) Steve Beshear
95%
R(2015-2019) Matt Bevin
68%
D(1955-1959) Happy Chandler
47%
D(1935-1939) Happy Chandler
47%
D(1983-1987) Martha Layne Collins
42%
D(1991-1995) Brenton Jones
32%
D(1979-1983) John Y. Brown Jr.
32%
D(1891-1895) John Young Brown
32%
D(1939-1943) Keen Johnson
32%
D(1971-1974) Wendell Ford
32%
R(1907-1911) Augustus E. Willson
21%
R(2003-2007) Ernie Fletcher
21%
R(1967-1971) Louie Nunn
21%
R(1899-1900) William S. Taylor
21%
D(1947-1950) Earle Clements
16%
DR(1812-1816) Isaac Shelby
16%
DR(1792-1796) Isaac Shelby
16%
W(1836-1839) James Clark
16%
D(1862-1863) James Fisher Robinson
16%
DR(1820-1824) John Adair
16%
W(1848-1850) John Crittenden
16%
D(1867-1871) John Stevenson
16%
D(1974-1979) Julian Carroll
16%
D(1851-1855) Lazarus Powell
16%
D(1995-2003) Paul E. Patton
16%
W(1840-1844) Robert P. Letcher
16%
D(1900-1900) William Goebel
16%
D(1915-1919) Augustus Stanley
11%
D(1859-1862) Beriah Magoffin
11%
D(1959-1963) Bert T. Combs
11%
DR(1808-1812) Charles Scott
11%
KN(1855-1859) Charles S. Morehead
11%
W(1839-1840) Charles Wickliffe
11%
DR(1804-1808) Christopher Greenup
11%
D(1963-1967) Edward T. Breathitt
11%
R(1919-1923) Edwin P. Morrow
11%
R(1927-1931) Flem D. Sampson
11%
DR(1816-1820) Gabriel Slaughter
11%
DR(1816-1816) George Madison
11%
D(1911-1915) James B. McCreary
11%
D(1875-1979) James B. McCreary
11%
D(1919-1919) James D. Black
11%
DR(1796-1804) James Garrard
11%
NR(1834-1836) James Morehead
11%
D(1883-1887) James Proctor Knott
11%
D(1900-1907) John Beckham
11%
D(1832-1834) John Breathitt
11%
D(1867-1867) John LaRue Helm
11%
W(1850-1851) John LaRue Helm
11%
DR(1824-1828) Joseph Desha
11%
D(1950-155) Lawrence Wetherby
11%
D(1879-1883) Luke P. Blackburn
11%
D(1871-1875) Preston Leslie
11%
D(1931-1935) Ruby Laffoon
11%
D(1887-1891) Simon Bolivar Buckner
11%
R(1943-1947) Simon Willis
11%
D(1863-1867) Thomas E. Bramlette
11%
DR(1828-1832) Thomas Metcalfe
11%
D(1987-1991) Wallace Wilkinson
11%
D(1923-1927) William J. Fields
11%
R(1895-1899) William O'Connell Bradley
11%
W(1844-1848) William Owsley
11%
No matching quizzes found
Score Distribution
Percent of People with Each Score
Percentile by Number Answered
Your Score History
You have not taken this quiz